书目信息 |
| 题名: |
基因要去串门了
|
|
| 作者: | 贺林 , 海波 , 秦畅 编写 | |
| 分册: | ||
| 出版信息: | 北京 中国盲文出版社 2019.07 |
|
| 页数: | 10, 173页 | |
| 开本: | 24cm | |
| 丛书名: | 与中国院士对话 | |
| 单 册: | ||
| 中图分类: | Q343.1 , Q3-49 | |
| 科图分类: | ||
| 主题词: | 基因--ji yin--少年读物 , 遗传学--yi chuan xue--少年读物 | |
| 电子资源: | ||
| ISBN: | 978-7-5002-8803-9 | |
| 000 | 01282nam 2200349 450 | |
| 001 | 202020138721 | |
| 005 | 20200926181339.0 | |
| 010 | @a978-7-5002-8803-9@dCNY46.00 | |
| 100 | @a20200915d2019 cemy0chiy50 ea | |
| 101 | 0 | @achi |
| 102 | @aCN@b110000 | |
| 105 | @aa z 000yy | |
| 106 | @ar | |
| 200 | 1 | @a基因要去串门了@Aji yin yao qu chuan men le@e基因和遗传的秘密@f贺林, 海波, 秦畅编写 |
| 210 | @a北京@c中国盲文出版社@d2019.07 | |
| 215 | @a10, 173页@c图@d24cm | |
| 225 | 2 | @a与中国院士对话@Ayu zhong guo yuan shi dui hua |
| 300 | @a国家彩票公益金资助·大字版 | |
| 306 | @a由华东师范大学出版社有限责任公司授权出版 | |
| 314 | @a贺林, 中国科学院院士, 著名的遗传生物学家。海波, SMG东方广播中心首席节目主持人。秦畅, MG东方广播中心首席节目主持人。 | |
| 330 | @a本书共分四部分, 内容包括: 成功没有捷径 ; 找找相似和不同 ; 基因的遗传密码 ; 基因能否与宇宙对话。 | |
| 410 | 0 | @12001 @a与中国院士对话 |
| 517 | 1 | @a基因和遗传的秘密@Aji yin he yi chuan de mi mi |
| 606 | 0 | @a基因@Aji yin@j少年读物 |
| 606 | 0 | @a遗传学@Ayi chuan xue@j少年读物 |
| 690 | @aQ343.1@v5 | |
| 690 | @aQ3-49@v5 | |
| 701 | 0 | @a贺林@Ahe lin@4编写 |
| 701 | 0 | @a海波@Ahai bo@4编写 |
| 701 | 0 | @a秦畅@Aqin chang@4编写 |
| 801 | 0 | @aCN@c20200509 |
| 905 | @a河南城建学院图书馆@dQ343.1@eH317 | |
| 基因要去串门了:基因和遗传的秘密/贺林, 海波, 秦畅编写.-北京:中国盲文出版社,2019.07 |
| 10, 173页:图;24cm.-(与中国院士对话) |
| 国家彩票公益金资助·大字版 |
| ISBN 978-7-5002-8803-9:CNY46.00 |
| 本书共分四部分, 内容包括: 成功没有捷径 ; 找找相似和不同 ; 基因的遗传密码 ; 基因能否与宇宙对话。 |
| ● |
| 相关链接 |
|
|
|
正题名:基因要去串门了
索取号:Q343.1/H317
 
预约/预借
| 序号 | 登录号 | 条形码 | 馆藏地/架位号 | 状态 | 备注 |
| 1 | 1487956 | 214879568 | 自科库401/401自科库 27排3列1层/ [索取号:Q343.1/H317] | 在馆 | |
| 2 | 1487957 | 214879577 | 自科库401/401自科库 27排3列1层/ [索取号:Q343.1/H317] | 在馆 |